[Xarxa de Museus Local]
Descripción Física:
1 disc òptic mini (CD-ROM) ; 6 x 8,5 cm
Materias:
Museus locals – Barcelona (Provincia)
MARC
| LEADER | 00000nam a2200000Ia 4500 | ||
|---|---|---|---|
| 001 | 24490 | ||
| 008 | 160829s9999 xx 000 0 cat d | ||
| 080 | |a CD-1-236 | ||
| 245 | |a [Xarxa de Museus Local] | ||
| 260 | |a [Barcelona] : |b [Diputació de Barcelona], [s.a.] | ||
| 300 | |a 1 disc òptic mini (CD-ROM) ; |c 6 x 8,5 cm | ||
| 590 | |a El CD-ROM està protegit per un estoig de cartró | ||
| 650 | |a Museus locals – Barcelona (Provincia) |9 49217 | ||
| 710 | 1 | |a Barcelona (Catalunya : Província). |b Oficina de Patrimoni Cultural |9 52675 | |
| 856 | |u www.diba.es/museuslocals | ||
| 901 | |a Arxiu | ||
| 942 | |n 1 | ||
| 952 | |0 0 |1 0 |4 0 |6 CD1236 |7 1 |9 55210 |a Arxiu |b Arxiu |d 2016-12-01 |l 0 |o CD-1-236 |p 24490 |r 2016-12-01 00:00:00 |w 2016-12-01 |y ARXIU | ||
| 999 | |c 59082 |d 59082 | ||